| 000 | 00751nam a2200193Ia 4500 | ||
|---|---|---|---|
| 003 | GCL | ||
| 005 | 20240530095010.0 | ||
| 008 | 140319s9999 xx 000 0 ara d | ||
| 040 |
_aGCL / _cGCL |
||
| 082 | 0 | 4 |
_a962.06 _bق/م د |
| 100 | 1 | _aرئاسة الجمهورية | |
| 245 | 1 | 0 |
_aدراسات فى الميثاق / _cرئاسة الجمهورية |
| 260 |
_aالقاهرة : _bالمجلس الاعلى الشئون الاسلامية ، _c1963 |
||
| 300 |
_a257 ص ؛ _c24 سم |
||
| 650 | 0 | 4 | _aالحرية السياسية |
| 650 | 0 | 4 | _aمصر - تاريخ - العصر الحديث - الوحدة مع سوريا ( 1958 - 1961 ) |
| 650 | 0 | 4 | _aمصر - تاريخ - العصر الحديث - ثورة 23 يوليو 1952 |
| 942 |
_2ddc _cBK |
||
| 999 |
_c3068 _d3068 |
||